Impossible.. Possible (Record no. 516788)

000 -LEADER
fixed length control field 00325nam a22001097a 4500
082 ## - DEWEY DECIMAL CLASSIFICATION NUMBER
Classification number K95 C459
100 ## - MAIN ENTRY--PERSONAL NAME
Personal name Chowdhury, Biswaroop Roy
9 (RLIN) 23487
245 ## - TITLE STATEMENT
Title Impossible.. Possible
Statement of responsibility, etc by Biswaroop Roy Chowdhury
260 ## - PUBLICATION, DISTRIBUTION, ETC. (IMPRINT)
Place of publication, distribution, etc Delhi
Name of publisher, distributor, etc Fusion Book
Date of publication, distribution, etc 2003
300 ## - PHYSICAL DESCRIPTION
Extent 183p.
650 ## - SUBJECT ADDED ENTRY--TOPICAL TERM
Topical term or geographic name as entry element Self help - Motivational and inspirational
9 (RLIN) 23488
Holdings
Withdrawn status Lost status Source of classification or shelving scheme Damaged status Koha normalized classification for sorting Not for loan Permanent location Current location Date acquired Full call number Barcode Date last seen Price effective from Koha item type
        K_95_000000000000000_C459   Indian Institute of Public Administration Indian Institute of Public Administration 2021-03-16 K95 C459 GR22717 2021-03-16 2021-03-16 GR

Powered by Koha